[Event "scandinave 1"]
[Site "http://www.queenalice.com/game.php?id=1342053"]
[Date "2015.2.16"]
[Round "-"]
[White "testouverture"]
[Black "Madagaskira"]
[Result "1/2-1/2"]
[WhiteElo "2206"]
[BlackElo "2245"]

1. e4 d5 2. exd5 Qxd5 3. Nc3 Qa5 4. d4 Nf6 5. Bc4 c6 6. Nf3 Bf5 7. Bd2 e6 8. Qe2
Bb4 9. Ne5 Nbd7 10. Nxd7 Nxd7 11. O-O-O O-O-O 12. a3 Bxc3 13. Bxc3 Qc7 14. Rhe1
Nb6 15. Bd3 Bxd3 16. Rxd3 Nd5 17. Qe5 Rhg8 18. Bd2 Qxe5 19. dxe5 h6 20. Rd1
1/2-1/2

[Event "scandinave 2"]
[Site "http://www.queenalice.com/game.php?id=1342054"]
[Date "2015.2.16"]
[Round "-"]
[White "Madagaskira"]
[Black "testouverture"]
[Result "1/2-1/2"]
[WhiteElo "2226"]
[BlackElo "2184"]

1. e4 d5 2. exd5 Qxd5 3. Nc3 Qa5 4. d4 c6 5. Nf3 Nf6 6. Bc4 Bf5 7. Bd2 e6 8. Ne5
Nbd7 9. Qe2 Bb4 10. g4 Nxe5 11. gxf5 Nxc4 12. Qxc4 Bxc3 13. Bxc3 Qxf5 14. O-O-O
O-O-O 15. Qe2 Nd5 16. Bd2 Nf4 17. Qe5 Qxe5 18. dxe5 Ng6 19. Rhg1 Rhg8 20. Rde1
Rd5 21. f4 Nh4 22. Rg3 Nf5 23. Rg2 Rd4 24. b3 Rgd8 25. Ree2 g6 26. Rgf2 c5 27.
Kb2 R4d5 28. Bc3 Rd1 29. Rd2 R8xd2 30. Bxd2 Nd4 31. a4 Kc7 32. Be3 Kc6 33. c3
Nf5 34. Bd2 a6 35. Kc2 Rh1 36. Kd3 b5 37. axb5+ axb5 1/2-1/2

[Event "AUTO-MASTER-2152"]
[Site "http://www.queenalice.com/game.php?id=1342752"]
[Date "2015.2.20"]
[Round "2"]
[White "Madagaskira"]
[Black "CCapivara"]
[Result "0-1"]
[WhiteElo "2174"]
[BlackElo "2183"]

1. e4 d6 2. c4 Nf6 3. Nc3 c6 4. d4 Qa5 5. Bd3 e5 6. Ne2 Be7 7. O-O O-O 8. Qc2
Bg4 9. f3 Bh5 10. Be3 Nbd7 11. b4 Qc7 12. d5 Rac8 13. Qd2 a6 14. a4 Bg6 15. dxc6
bxc6 16. b5 cxb5 17. axb5 axb5 18. Ra7 Qd8 19. Nxb5 Nc5 20. Bc2 Ne6 21. Bd3 Nc5
22. Bc2 Ne6 23. Bd3 Nc5 24. Bb1 Ne6 25. Ba2 Nh5 26. Rd1 Rc6 27. Nbc3 h6 28. Rb1
Bg5 29. Nd5 Re8 30. Rbb7 Bxe3+ 31. Qxe3 Qh4 0-1

[Event "AUTO-MASTER-2152"]
[Site "http://www.queenalice.com/game.php?id=1342755"]
[Date "2015.2.20"]
[Round "2"]
[White "Madagaskira"]
[Black "teddy"]
[Result "1-0"]
[WhiteElo "2237"]
[BlackElo "2063"]

1. Nf3 Nc6 2. g3 e5 3. d3 Be7 4. Bg2 Nf6 5. O-O d5 6. Nbd2 Be6 7. Re1 Qd7 8. a3
Bh3 9. Bh1 h6 10. b4 a6 11. c4 b5 12. cxd5 Nxd5 13. Bb2 f6 14. Rc1 O-O-O 15. Qc2
Kb7 16. Nb3 Qe6 17. Qxc6+ 1-0

[Event "AUTO-MASTER-2152"]
[Site "http://www.queenalice.com/game.php?id=1342756"]
[Date "2015.2.20"]
[Round "2"]
[White "teddy"]
[Black "Madagaskira"]
[Result "0-1"]
[WhiteElo "1945"]
[BlackElo "2215"]

1. e4 d5 2. exd5 Qxd5 3. Nc3 Qa5 4. Bc4 c6 5. Qf3 Nf6 6. h3 Qf5 7. Qxf5 Bxf5 8.
d3 e6 9. a4 Bb4 10. Ne2 Nbd7 11. Bd2 h6 12. Ne4 Be7 13. Nxf6+ Nxf6 14. O-O Rd8
15. Rfe1 O-O 16. Rad1 Rd7 17. g4 Bh7 18. Nf4 Nd5 19. Nxd5 cxd5 20. Bb3 Rc8 21.
Re3 Bf6 22. Rf3 Bg6 23. Bxh6 Bxb2 24. Bc1 Bxc1 25. Rxc1 Rc3 26. Re1 Rd6 27. h4
f6 28. h5 Bf7 29. Rh3 Rc8 30. Kg2 Kh7 31. f4 Kh6 32. Reh1 Rb6 33. Kf3 Rb4 34.
Rg1 Be8 35. g5+ fxg5 36. fxg5+ Kh7 37. h6 gxh6 38. Rxh6+ Kg7 39. Rxe6 Bc6 40.
Rh1 d4+ 0-1

[Event "Revenche..."]
[Site "http://www.queenalice.com/game.php?id=1346577"]
[Date "2015.3.9"]
[Round "-"]
[White "Madagaskira"]
[Black "EcheKiel"]
[Result "1-0"]
[WhiteElo "2241"]
[BlackElo "1170"]

1. Nf3 Nf6 2. c4 c6 3. g3 d5 4. Bg2 Qa5 5. O-O dxc4 6. Qc2 Qh5 7. Re1 Bh3 8. Bh1
g5 9. d3 Bh6 10. Qxc4 g4 11. Nd4 O-O 12. Bxh6 Qxh6 13. Nf5 Qh5 14. Nxe7+ Kh8 15.
Qf4 Nbd7 16. Nf5 Rg8 17. Nc3 Rg5 18. e4 Re8 19. d4 Re6 20. a4 Nd5 21. Qd2 Ne7
22. Nxe7 Rh6 23. Nf5 Rxf5 24. exf5 Bg2 25. Bxg2 Nf6 26. Re5 1-0

[Event "Challenge"]
[Site "http://www.queenalice.com/game.php?id=1347812"]
[Date "2015.3.16"]
[Round "-"]
[White "Madagaskira"]
[Black "Alain91"]
[Result "0-1"]
[WhiteElo "2254"]
[BlackElo "2217"]

1. Nf3 g6 2. g3 Bg7 3. c4 d6 4. Nc3 Bxc3 5. bxc3 Nf6 6. Bg2 Nbd7 7. d4 Nb6 8.
Bh6 Ng4 9. Bf4 O-O 10. h3 Nf6 11. Nd2 c6 12. e4 Be6 13. d5 Bd7 14. O-O Qc8 15.
c5 dxc5 16. c4 Bxh3 17. e5 Bxg2 18. Kxg2 Ne8 19. d6 exd6 20. exd6 Qd7 21. Ne4
Qf5 22. Re1 Nxc4 23. d7 Nf6 24. Nxf6+ Qxf6 25. Qg4 h5 26. Qe2 Nb6 27. Rad1 Rad8
28. Bh6 Rxd7 29. Bxf8 Rxd1 30. Qxd1 Kxf8 31. Qc1 Kg7 32. Qxc5 Nc8 33. Re3 b6 34.
Qc4 Ne7 35. a4 c5 36. Rf3 Nf5 37. Qd5 h4 38. Qd2 Qe6 39. Rf4 hxg3 40. fxg3 Nd4
41. Qd1 a6 42. Qa1 Qd5+ 43. Kg1 f6 44. Qf1 Qe5 45. Kh2 b5 46. axb5 axb5 47. Rf2
b4 48. Kg2 Nf5 49. Qd3 c4 50. Qf3 b3 51. Re2 Qxg3+ 0-1

[Event "Challenge"]
[Site "http://www.queenalice.com/game.php?id=1347813"]
[Date "2015.3.16"]
[Round "-"]
[White "Alain91"]
[Black "Madagaskira"]
[Result "1-0"]
[WhiteElo "2242"]
[BlackElo "2224"]

1. e4 d5 2. Nc3 dxe4 3. Nxe4 Bf5 4. Nc3 e6 5. Nf3 Nf6 6. d4 c6 7. Bd3 Bg4 8. Be2
Qc7 9. Ne5 Bf5 10. g4 Bg6 11. h4 Be4 12. Nxe4 Nxe4 13. Qd3 Qa5+ 14. c3 Nd6 15.
h5 f6 16. Nc4 Nxc4 17. Qxc4 Qd5 18. O-O Bd6 19. Re1 Na6 20. Qxd5 cxd5 21. Bxa6
bxa6 22. Rxe6+ Kd7 23. Re2 g6 24. h6 g5 25. Kg2 Rhe8 26. Be3 a5 27. Rae1 a4 28.
Kf3 a6 29. Bc1 Rg8 30. Kg2 Rac8 31. Re3 Rg6 32. Rh3 Bf8 33. Reh1 Re8 34. Be3 Re4
35. Kf3 Rg8 36. c4 f5 37. cxd5 Rxg4 38. Rc1 Re4 39. Rh5 g4+ 40. Ke2 f4 41. Kd3
fxe3 42. Kxe4 exf2 43. Ke3 g3 44. Kf3 Bd6 45. Kg2 Re8 46. Kf1 Re4 47. Rd1 Bb4
48. Kg2 Rf4 49. Rf1 Rg4 50. Rf5 Ke7 51. Re5+ Kd7 52. Rf5 Ke7 53. Re5+ Kd6 54.
Re6+ Kxd5 55. Rxa6 Bd6 56. Ra5+ Ke4 57. Rxa4 Ke3 58. Ra6 Rg6 59. Rh1 Ke2 60. Rc6
Kd2 61. a4 Ke2 62. a5 f1=Q+ 63. Rxf1 1-0

[Event "AUTO-MASTER-2268"]
[Site "http://www.queenalice.com/game.php?id=1348510"]
[Date "2015.3.19"]
[Round "1"]
[White "Madagaskira"]
[Black "FabioSelinger"]
[Result "0-1"]
[WhiteElo "2225"]
[BlackElo "2117"]

1. c4 Nf6 2. Nf3 e6 3. g3 b6 4. Bg2 Bb7 5. Nc3 Be7 6. O-O O-O 7. b3 d5 8. d4
Nbd7 9. Bf4 a6 10. Nd2 Ra7 11. e3 Qa8 12. cxd5 Nxd5 13. Nxd5 Bxd5 14. e4 Bb7 15.
Qe2 c5 16. d5 exd5 17. exd5 Bf6 18. Rad1 Bxd5 19. Ne4 Bxe4 20. Bxe4 Qd8 21. Qc2
h6 22. h4 Bd4 0-1

[Event "AUTO-MASTER-2268"]
[Site "http://www.queenalice.com/game.php?id=1348511"]
[Date "2015.3.19"]
[Round "1"]
[White "FabioSelinger"]
[Black "Madagaskira"]
[Result "1-0"]
[WhiteElo "2132"]
[BlackElo "2210"]

1. e4 d5 2. exd5 Qxd5 3. d4 Nf6 4. c4 Qa5+ 5. Nc3 c6 6. Bd2 e6 7. Nf3 Qc7 8. Bd3
Nbd7 9. O-O Bd6 10. Re1 O-O 11. Qc2 Re8 12. Re2 Nf8 13. Rae1 Ng6 14. h4 Bf4 15.
Bxf4 Qxf4 16. Ne4 Bd7 17. Ne5 Rad8 18. g3 Qh6 19. Nd6 Rf8 20. Nxb7 Rb8 21. Nc5
Be8 22. a3 1-0

[Event "AUTO-MASTER-2268"]
[Site "http://www.queenalice.com/game.php?id=1348512"]
[Date "2015.3.19"]
[Round "1"]
[White "Madagaskira"]
[Black "rich"]
[Result "0-1"]
[WhiteElo "2107"]
[BlackElo "1978"]

1. Nf3 c5 2. g3 Nc6 3. Bg2 Nf6 4. c4 d5 5. O-O e6 6. d3 Be7 7. Nbd2 O-O 8. Re1
b6 9. a3 Bb7 10. cxd5 exd5 11. b3 Rc8 12. Bb2 Re8 13. Rc1 Rc7 14. Qc2 Qa8 15. e4
dxe4 0-1

[Event "AUTO-MASTER-2268"]
[Site "http://www.queenalice.com/game.php?id=1348513"]
[Date "2015.3.19"]
[Round "1"]
[White "rich"]
[Black "Madagaskira"]
[Result "1-0"]
[WhiteElo "1955"]
[BlackElo "2124"]

1. d4 Nf6 2. c4 c5 3. d5 b5 4. cxb5 a6 5. bxa6 Bxa6 6. Nc3 d6 7. e4 Bxf1 8. Kxf1
g6 9. g3 Nbd7 10. Nf3 Bg7 11. Kg2 O-O 12. Qc2 Qa5 13. a4 Rfb8 14. Bd2 Qb4 15.
Rab1 Rb7 16. Rhe1 Ng4 17. b3 Qb6 18. Nb5 1-0

[Event "AUTO-MASTER-2268"]
[Site "http://www.queenalice.com/game.php?id=1348514"]
[Date "2015.3.19"]
[Round "1"]
[White "Madagaskira"]
[Black "Donyelko"]
[Result "1-0"]
[WhiteElo "2218"]
[BlackElo "2019"]

1. e4 e5 2. Nf3 Nc6 3. Bb5 a6 4. Ba4 Nf6 5. d3 Bc5 6. O-O h6 7. c3 b5 8. Bb3 O-O
9. Qe2 d6 10. h3 Na5 11. Bc2 Re8 12. b4 Bb6 13. bxa5 Bxa5 14. Bb2 c5 15. Rd1 Bb7
16. Nbd2 Rc8 17. Nf1 Bb6 18. Ng3 Rc7 19. a4 Rce7 20. axb5 axb5 21. Nf5 Rd7 22.
c4 Bc6 23. cxb5 Bxb5 24. Ba4 Bxa4 25. Rxa4 Kh7 26. Rda1 Qc7 27. Bc3 g6 28. Ne3
Nh5 29. Nd5 Nf4 30. Nxf4 exf4 31. Ra8 Red8 32. Qa2 Rb8 33. Rxb8 Qxb8 34. Qd5 Qd8
35. Ra8 1-0

[Event "AUTO-MASTER-2268"]
[Site "http://www.queenalice.com/game.php?id=1348515"]
[Date "2015.3.19"]
[Round "1"]
[White "Donyelko"]
[Black "Madagaskira"]
[Result "0-1"]
[WhiteElo "2036"]
[BlackElo "2219"]

1. e4 d5 2. exd5 Qxd5 3. Nc3 Qa5 4. Nf3 Nf6 5. Bc4 Bf5 6. O-O e6 7. Re1 Be7 8.
h3 c6 9. Nh4 O-O 10. Nxf5 Qxf5 11. Bd3 Qf4 12. Ne2 Qd6 13. b3 Nbd7 14. Ng3 Rfe8
15. Bb2 g6 16. Ne4 Nxe4 17. Bxe4 f5 18. Bf3 e5 19. d3 Rad8 20. Re2 Bf6 21. Rb1
Nb6 22. a4 Nd5 23. g3 Qf8 24. Qe1 Qg7 25. Bg2 Qf7 26. Kf1 Kg7 27. c4 Nc7 28. Rd1
h5 29. Bxe5 Bxe5 30. Rxe5 Qf6 31. Rxe8 Rxe8 32. Qd2 Qd4 33. Re1 Rxe1+ 34. Kxe1
Ne6 35. Bf3 Nc5 36. b4 Nxd3+ 37. Ke2 Qxf2+ 38. Kxd3 Qxf3+ 39. Qe3 Qxe3+ 40. Kxe3
Kf6 0-1

[Event "AUTO-OPEN-3312"]
[Site "http://www.queenalice.com/game.php?id=1348689"]
[Date "2015.3.19"]
[Round "3"]
[White "goldenboy"]
[Black "Madagaskira"]
[Result "0-1"]
[WhiteElo "2062"]
[BlackElo "2200"]

1. e4 d5 2. exd5 Qxd5 3. d4 c6 4. Nf3 Nf6 5. c3 Bf5 6. Bd3 Bxd3 7. Qxd3 e6 8.
Bg5 Nbd7 9. Nbd2 Qa5 10. Nc4 Qc7 11. O-O Be7 12. Rad1 O-O 13. Nfe5 Rae8 14. Nxd7
Qxd7 15. Ne5 Qc7 16. Bf4 Nd5 17. Bg3 Qc8 18. a3 Rd8 0-1

[Event "AUTO-OPEN-3312"]
[Site "http://www.queenalice.com/game.php?id=1348690"]
[Date "2015.3.19"]
[Round "3"]
[White "Madagaskira"]
[Black "goldenboy"]
[Result "1-0"]
[WhiteElo "2208"]
[BlackElo "2052"]

1. e4 e5 2. Nf3 Nc6 3. Bb5 Bc5 4. O-O d6 5. d4 exd4 6. Nxd4 Bd7 7. Nb3 Bb6 8.
Nc3 Nf6 9. Bg5 a6 10. Be2 h6 11. Bh4 g5 12. Bg3 h5 13. h4 g4 14. Nd5 Nxe4 15.
Nxb6 Nxg3 16. fxg3 cxb6 17. Qxd6 Be6 18. Qf4 1-0

[Event "AUTO-MASTER-2141"]
[Site "http://www.queenalice.com/game.php?id=1350256"]
[Date "2015.3.27"]
[Round "2"]
[White "CCapivara"]
[Black "Madagaskira"]
[Result "1-0"]
[WhiteElo "2171"]
[BlackElo "2186"]

1. e4 d5 2. Nf3 Bg4 3. exd5 Qxd5 4. Be2 Nf6 5. O-O e6 6. Nc3 Qa5 7. d4 c6 8. Bf4
Be7 9. a3 O-O 10. b4 Qd8 11. Na4 Nbd7 12. c4 Re8 13. Qb3 Nh5 14. Be3 Nhf6 15.
Rfd1 Qc7 16. Nc5 b6 17. Nd3 Rac8 18. Rac1 Red8 19. d5 exd5 20. cxd5 Nxd5 21. b5
1-0

[Event "AUTO-MASTER-2141"]
[Site "http://www.queenalice.com/game.php?id=1350257"]
[Date "2015.3.27"]
[Round "2"]
[White "Madagaskira"]
[Black "CCapivara"]
[Result "0-1"]
[WhiteElo "2151"]
[BlackElo "2188"]

1. Nf3 d6 2. d4 Nf6 3. c4 c6 4. Nc3 Bg4 5. Qc2 Nbd7 6. g3 Bxf3 7. exf3 e5 8. Be3
Be7 9. Rd1 O-O 10. Bg2 Qc7 11. O-O Rfe8 12. Rfe1 Rac8 13. h3 Nf8 14. Re2 Ng6 15.
Rde1 h6 16. Qa4 a6 17. Rd1 Bf8 18. Red2 Re7 0-1

[Event "Challenge"]
[Site "http://www.queenalice.com/game.php?id=1352881"]
[Date "2015.4.10"]
[Round "-"]
[White "Madagaskira"]
[Black "EcheKiel"]
[Result "1-0"]
[WhiteElo "2224"]
[BlackElo "1207"]

1. e4 Nc6 2. Nf3 e5 3. d4 d5 4. exd5 Qxd5 5. Nc3 Qa5 6. d5 e4 7. Nd4 Nxd4 8.
Qxd4 Nf6 9. Bb5+ Bd7 10. Bxd7+ Kxd7 11. O-O Bc5 12. Qe5 Bxf2+ 13. Rxf2 Qc5 14.
Qf5+ Kd6 15. Bf4+ Ke7 16. d6+ cxd6 17. Qxc5 dxc5 18. Bg5 Rad8 19. Nxe4 h6 20.
Bxf6+ gxf6 21. Raf1 Ke6 22. Rxf6+ Ke5 23. Nxc5 Rd1 24. Nd3+ Kd5 25. Rxd1 1-0